The almanac of American education, 2006 (Record no. 80542)
[ view plain ]
| 000 -LEADER | |
|---|---|
| fixed length control field | 01421nam a2200337Ia 4500 |
| 245 04 - TITLE STATEMENT | |
| Title | The almanac of American education, 2006 |
| 260 ## - PUBLICATION, DISTRIBUTION, ETC. (IMPRINT) | |
| Place of publication | Lanham, MD : |
| Name of publisher | Bernan Press, |
| Year of publication | c2006. |
| 300 ## - PHYSICAL DESCRIPTION | |
| Number of Pages | xiii, 526 p. : |
| Other physical details | ill. |
| 500 ## - GENERAL NOTE | |
| General note | Includes index. |
| 650 #0 - SUBJECT ADDED ENTRY--TOPICAL TERM | |
| Topical Term | Education |
| Topical Term | Education |
| Topical Term | Education |
| Topical Term | Education |
| Topical Term | County school systems |
| 700 1# - ADDED ENTRY--PERSONAL NAME | |
| Personal name | Gaquin, Deirdre. |
| Personal name | DeBrandt, Katherine A. |
| 856 40 - ELECTRONIC LOCATION AND ACCESS | |
| Uniform Resource Identifier | http://site.ebrary.com/lib/rucke/Doc?id=10132049 |
No items available.
